000 00988nam a2200313Ia 4500
001 Z_4046
003 CHAP
008 220113s2001 xx 000 0 und d
010 _a167108
040 _cCHAP
090 _aTesis B 1563
100 _aBarco García, Hugo
_910153
245 _aUtilización de rastrojo de maíz y paja de frijol por bovinos y ovinos /
_cpor Hugo Barco García y Bonifacio Francisco Osorio
260 _aChapingo, Méx. :
_bEl autor,
_c2001
300 _a70 h.
502 _aTesis (Ing. Agr. Esp. en Zootecnia) -- UACH. Departamento de Zootecnia
650 _aAlimentos y alimentación del ganado
_94326
650 _aGanado lanar
_xAlimentación
_945153
650 _aGanado vacuno
_xAlimentación
_945429
650 _aMaíz
_xSubproductos
_971064
650 _aPaja de frijol
_984775
700 _aFrancisco Osorio, Bonifacio
_942932
901 _aTESIS B 1563
902 _aM
910 _a2001
942 _c2
942 _c2
999 _c167108
_d167108